000 00525cam a2200133 4500500
005 20260111091207.0
041 _afre
042 _adc
245 0 0 _aBianchi E., Dare senso al tempo. Le feste cristiane, Magnano, Qiqajon, 2003, 21x15, 154 p., 10 €. ISBN 88-8227-145-5
260 _c2005.
500 _a17
786 0 _nNouvelle revue théologique | 127 | 1 | 2005-01-03 | p. 156x-169x | 0029-4845
856 4 1 _uhttps://shs.cairn.info/revue-nouvelle-revue-theologique-2005-1-page-156x?lang=fr&redirect-ssocas=7080
999 _c1620540
_d1620540